AICPA professional standards, vol. 2 (Record no. 83863)

MARC details
000 -LEADER
fixed length control field 00662nam a2200133 a 4500
008 - FIXED-LENGTH DATA ELEMENTS--GENERAL INFORMATION
fixed length control field 120416s1993 ||||||||||||||||| || u
050 ## - LIBRARY OF CONGRESS CALL NUMBER
Classification number HF 5667 Ame
245 10 - TITLE STATEMENT
Title AICPA professional standards, vol. 2
246 ## -
-- American Institute of Certified Public Accountants
260 ## - PUBLICATION, DISTRIBUTION, ETC.
Place of publication, distribution, etc. Chicago
Name of publisher, distributor, etc. Commerce Clearing House Inc
Date of publication, distribution, etc. 1993
350 ## -
-- 0.00
995 ## -
-- MAIN LIBRARY OPEN ACCESS
-- 0.00
-- 729550
-- CBU-MAIN LIBRARY (Kitwe)
-- 2
-- 15.50
-- HF 5667 Ame
-- 2
-- AVAILABLE
-- 021335
-- Main Library Open Access Collection
995 ## -
-- MAIN LIBRARY OPEN ACCESS
-- 0.00
-- 729373
-- CBU-MAIN LIBRARY (Kitwe)
-- 1
-- 15.50
-- HF 5667 Ame
-- 1
-- AVAILABLE
-- 021471
-- Main Library Open Access Collection
999 ## -
-- 83863
-- 83863
Holdings
Withdrawn status Lost status Source of classification or shelving scheme Damaged status Not for loan Permanent Location Current Location Shelving location Date acquired Total Checkouts Full call number Barcode Date last seen Copy number Price effective from Koha item type
          CBU-MAIN LIBRARY, KITWE. CBU-MAIN LIBRARY, KITWE.   01/08/2024   HF 5667 Ame 021335 01/08/2024 1 01/08/2024 MONOGRAPH
          CBU-MAIN LIBRARY, KITWE. CBU-MAIN LIBRARY, KITWE.   01/08/2024   HF 5667 Ame 021471 01/08/2024 2 01/08/2024 MONOGRAPH